00530nam a2200217Ia 4500003000900000005001700009008004100026040001300067040001300080041000800093100001800101100000900119245004600128250003300174260002600207260000900233300001100242300001200253490004100265490000600306IT-RoPAU20220918175725.0120407s9999 xx 000 0 und d aIT-RoPAU cIT-RoPAU afra aEdouard Hamel cs.j. a(Les) dix paroles. Perspectives bibliques aBruxelles - Paris Montréal aDesclée - Bellarmin c1969 a169 p. c21,5 cm aEssais pour notre temps, Théologie v1